| 000 | 00398nam a22001337a 4500 | ||
|---|---|---|---|
| 999 |
_c528970 _d528970 |
||
| 003 | NUST | ||
| 038 | _aMSOHAIL | ||
| 082 |
_a624.17 _bSAT |
||
| 100 |
_aZohaib Sattar Nagra _920821 |
||
| 245 | _aPerformance based seismic assessment of a high rise reinforced concrete core wall buildingt. (MS Thesis - Str Engg.) | ||
| 260 |
_aIslamabad _bNUST-NICE _c2019 |
||
| 300 |
_ap;82,; _c30cm |
||
| 942 |
_2ddc _cPR |
||